[Event "DVM U12w 2022"]
[Site "Berlin GER"]
[Date "2022.12.29"]
[Round "7"]
[White "Fettan, Nua"]
[Black "Peglau, Lorena"]
[Result "1/2-1/2"]
[Termination "normal"]
[Board "7.2"]
[WhiteElo "1103"]
[BlackElo "1233"]
[WhiteTeam "SchVgg Blankenese von 1923 e.V."]
[BlackTeam "Schachgemeinschaft Leipzig"]
[PlyCount "92"]
[WhiteFideId "34637362"]
[BlackFideId "16290542"]
[EventCountry "GER"]
[EventRounds "7"]
[EventType "team-swiss"]
[EventDate "2022.12.26"]

{normal} 1. e4 c6 2. d4 d5 3. Nc3 dxe4 4. Nxe4 Bf5 5. Nc3 Nf6 6. Nf3 e6 7. Bd3
Bxd3 8. Qxd3 Nbd7 9. a3 Be7 10. O-O O-O 11. Bf4 c5 12. Rad1 Qb6 13. Na4 Qc6 14.
b3 b5 15. Nb2 Rfd8 16. a4 b4 17. Be3 a5 18. c3 cxd4 19. cxd4 Qa6 20. Qxa6 Rxa6
21. Nc4 Ne4 22. Rd3 Nb6 23. Rc1 Rc8 24. Nxb6 Rxc1 25. Bxc1 Rxb6 26. Be3 Rc6 27.
Ne5 Rc3 28. Rxc3 bxc3 29. Kf1 Ba3 30. Ke1 c2 31. Nd3 Kf8 32. f3 Nd6 33. Kd2
c1=Q 34. Nxc1 Ke7 35. Na2 Kf6 36. Kd3 Kg6 37. Bd2 Nb7 38. b4 axb4 39. Nxb4 Kf6
40. Kc2 Ke7 41. Kb3 Bxb4 42. Bxb4 Kd7 43. a5 Kc7 44. Ka4 Kb8 45. Be7 Nxa5 46.
Kxa5 Kc7 1/2-1/2

[Event "DVM U12w 2022"]
[Site "Berlin GER"]
[Date "2022.12.29"]
[Round "7"]
[White "Bauer, Laura Sophie"]
[Black "Martin, Helene"]
[Result "1-0"]
[Termination "normal"]
[Board "8.1"]
[WhiteElo "1388"]
[BlackElo "1059"]
[WhiteTeam "Schachfreunde Roding"]
[BlackTeam "Schachklub König Plauen"]
[PlyCount "97"]
[WhiteFideId "16253647"]
[BlackFideId "34639780"]
[EventCountry "GER"]
[EventRounds "7"]
[EventType "team-swiss"]
[EventDate "2022.12.26"]

{normal} 1. e4 c5 2. Nf3 Nc6 3. d4 cxd4 4. Nxd4 Nf6 5. Nc3 d6 6. Be2 e6 7. Be3
Be7 8. Qd2 a6 9. f3 Qc7 10. Nxc6 bxc6 11. Bc4 Rb8 12. O-O-O Bb7 13. Kb1 c5 14.
Qe2 Bc6 15. Bb3 a5 16. g4 e5 17. h4 Qb7 18. Qc4 Rf8 19. Bg5 Qb4 20. Qxb4 axb4
21. Bxf6 bxc3 22. Bxe7 Kxe7 23. bxc3 Ba4 24. Kc1 Bb5 25. c4 Ba6 26. c3 Rb6 27.
Kc2 Rfb8 28. Rb1 Kd7 29. Ba4 Kc7 30. Rxb6 Rxb6 31. Bb3 g6 32. Kd3 Kc6 33. Rf1
Rb7 34. f4 h6 35. fxe5 dxe5 36. Rf6 Kc7 37. Rxa6 Kd8 38. Rc6 Rd7 39. Ke3 Ke7
40. Rxc5 h5 41. gxh5 gxh5 42. Rxe5 Kf6 43. Rxh5 Kg6 44. Rd5 Re7 45. c5 Re6 46.
Rd6 Rxd6 47. cxd6 Kf6 48. h5 Kg5 49. d7 1-0

[Event "DVM U12w 2022"]
[Site "Berlin GER"]
[Date "2022.12.29"]
[Round "7"]
[White "Ploss, Aliya"]
[Black "Schwarzfischer, Julia"]
[Result "0-1"]
[Termination "normal"]
[Board "8.2"]
[WhiteElo "950"]
[BlackElo "1272"]
[WhiteTeam "Schachklub König Plauen"]
[BlackTeam "Schachfreunde Roding"]
[PlyCount "130"]
[WhiteFideId "34622357"]
[BlackFideId "16268105"]
[EventCountry "GER"]
[EventRounds "7"]
[EventType "team-swiss"]
[EventDate "2022.12.26"]

{normal} 1. e4 e5 2. Nf3 Nc6 3. Bc4 Nf6 4. Ng5 d5 5. exd5 Na5 6. d3 h6 7. Nf3
Nxd5 8. Nxe5 Qf6 9. Qe2 Be7 10. Bxd5 c6 11. Bf3 c5 12. Ng4 Qd6 13. O-O O-O 14.
Bd2 Nc6 15. Bxc6 bxc6 16. Bc3 Re8 17. Qe5 Qg6 18. f3 Bxg4 19. fxg4 Bd6 20. Qf5
Qxf5 21. Rxf5 Re2 22. Na3 Rae8 23. Rf2 Bxh2 24. Kf1 R2e3 25. Re1 Rxe1 26. Bxe1
Bg3 27. Re2 Rxe2 28. Kxe2 Bxe1 29. Kxe1 Kf8 30. Nc4 Ke7 31. Na5 Kd6 32. a4 a6
33. c3 Kd5 34. d4 cxd4 35. cxd4 c5 36. dxc5 Kxc5 37. Kd2 g6 38. Kc3 f5 39. gxf5
gxf5 40. b4 Kd5 41. Nb3 f4 42. Nd2 h5 43. a5 h4 44. b5 axb5 45. a6 Kc5 46. Nf3
Kb6 47. Nxh4 Kxa6 48. g4 fxg3 49. Nf3 g2 50. Kb3 Kb6 51. Kc3 Kc5 52. Kb3 b4 53.
Kb2 Kc4 54. Ka2 Kc3 55. Kb1 Kb3 56. Kc1 Ka2 57. Kc2 b3 58. Kc3 b2 59. Kc4 b1=Q
60. Kc5 Qf5 61. Kc6 Qxf3 62. Kc7 Qf6 63. Kd7 g1=Q 64. Kc7 Qgg7 65. Kc8 Qff8#
0-1

[Event "DVM U12w 2022"]
[Site "Berlin GER"]
[Date "2022.12.29"]
[Round "7"]
[White "Schwarzfischer, Ramona"]
[Black "Winkler, Frida"]
[Result "0-1"]
[Termination "normal"]
[Board "8.3"]
[WhiteElo "796"]
[BlackElo "1133"]
[WhiteTeam "Schachfreunde Roding"]
[BlackTeam "Schachklub König Plauen"]
[PlyCount "76"]
[WhiteFideId "16268113"]
[BlackFideId "34622322"]
[EventCountry "GER"]
[EventRounds "7"]
[EventType "team-swiss"]
[EventDate "2022.12.26"]

{normal} 1. e4 c5 2. c3 Nc6 3. Nf3 d6 4. d4 cxd4 5. Nxd4 Nf6 6. Nxc6 bxc6 7.
Bd3 e6 8. Nd2 Be7 9. Nf3 Bb7 10. Be3 c5 11. c4 Nxe4 12. O-O O-O 13. Qc2 Nf6 14.
Bg5 g6 15. Bxf6 Bxf6 16. Be4 Bxe4 17. Qxe4 Bxb2 18. Rab1 Bg7 19. Rfe1 d5 20.
Qg4 dxc4 21. Qh3 Re8 22. Re4 c3 23. Rh4 c2 24. Rc1 Qd1 25. Ne1 Qxc1 26. Kf1
Qxe1 27. Kxe1 c1=Q 28. Ke2 Rad8 29. Rxh7 Rd2 30. Kf3 Rd3 31. Kg4 Rxh3 32. Rxh3
Qd1 33. f3 c4 34. Kh4 c3 35. Kg5 c2 36. f4 f6 37. Kh4 c1=Q 38. g3 Qh5# 0-1

[Event "DVM U12w 2022"]
[Site "Berlin GER"]
[Date "2022.12.29"]
[Round "7"]
[White "Türel, Tugce"]
[Black "Pogorzelczyk, Lena"]
[Result "1-0"]
[Termination "normal"]
[Board "9.1"]
[WhiteElo "1318"]
[BlackElo "942"]
[WhiteTeam "Schachfreunde München e.V."]
[BlackTeam "SV Heiden 62 e. V."]
[PlyCount "63"]
[WhiteFideId "26350602"]
[BlackFideId "34607439"]
[EventCountry "GER"]
[EventRounds "7"]
[EventType "team-swiss"]
[EventDate "2022.12.26"]

{normal} 1. e4 e5 2. Nf3 Nc6 3. Bc4 Bc5 4. c3 Nf6 5. d4 exd4 6. cxd4 Bd6 7. e5
Bb4 8. Nc3 Bxc3 9. bxc3 Ne4 10. Qd3 d5 11. Bb3 Bf5 12. Qe3 Qe7 13. Bxd5 Nxc3
14. Bxc6 bxc6 15. Qxc3 Be4 16. O-O O-O 17. Ng5 Bd5 18. Qd3 f5 19. exf6 Rxf6 20.
Qxh7 Kf8 21. Qh8 Bg8 22. Nh7 Kf7 23. Bg5 Qe4 24. Nxf6 Qxd4 25. Nxg8 Rxg8 26.
Qh5 g6 27. Qf3 Kg7 28. Rad1 Qe5 29. Rd7 Kh8 30. Bf6 Qxf6 31. Qxf6 Rg7 32. Qxg7#
1-0

[Event "DVM U12w 2022"]
[Site "Berlin GER"]
[Date "2022.12.29"]
[Round "7"]
[White "Lola, Georgia-Maria"]
[Black "Makarova, Alexia"]
[Result "1-0"]
[Termination "normal"]
[Board "9.3"]
[WhiteElo "1001"]
[BlackElo "876"]
[WhiteTeam "Schachfreunde München e.V."]
[BlackTeam "SV Heiden 62 e. V."]
[PlyCount "73"]
[WhiteFideId "34629335"]
[BlackFideId "34619682"]
[EventCountry "GER"]
[EventRounds "7"]
[EventType "team-swiss"]
[EventDate "2022.12.26"]

{normal} 1. e4 e5 2. Nf3 Nc6 3. Nc3 Nf6 4. Bb5 d6 5. h3 Bd7 6. O-O a6 7. Bc4
Be7 8. d4 exd4 9. Nxd4 O-O 10. Nxc6 Bxc6 11. Re1 Qd7 12. e5 dxe5 13. Rxe5 Qxd1
14. Nxd1 Bd6 15. Re3 Rae8 16. Rxe8 Rxe8 17. Bd2 Re4 18. Bd3 Re5 19. Nc3 Ne4 20.
Bf4 Re7 21. Bxd6 cxd6 22. Bxe4 Bxe4 23. Re1 f5 24. f3 Bxc2 25. Rxe7 Kf8 26.
Rxb7 a5 27. b4 axb4 28. Rxb4 Kf7 29. a4 Bd3 30. a5 Ke8 31. Nb5 Bxb5 32. Rxb5
Kd8 33. a6 Kc8 34. a7 Kc7 35. a8=Q Kd7 36. Qa7 Kc6 37. Qb7# 1-0